[Event "Stuttgarter Stadtmeisterschaft 2010 A"]
[Site "Ditzingen"]
[Date "2010.05.14"]
[Round "4.27"]
[White "Paul, Mathias"]
[Black "Kerpe, Andreas"]
[Result "0-1"]
[WhiteElo "2009"]
[BlackElo "2128"]
[PlyCount "58"]
[EventDate "2010.??.??"]
[BlackTeam "SAbt TSF Ditzingen"]

1. e4 e5 2. f4 exf4 3. Bc4 Nf6 4. Nc3 c6 5. Bb3 d5 6. exd5 cxd5 7. d4 Bd6 8.
Nge2 O-O 9. O-O g5 10. Nxd5 Nc6 11. h4 h6 12. Nec3 Na5 13. Nxf6+ Qxf6 14. Ne4
Qg6 15. Nxd6 Qxd6 16. Ba4 b6 17. c3 Bb7 18. hxg5 hxg5 19. Qg4 Qg6 20. b4 Nc4
21. Bb3 Rac8 22. a4 Rfe8 23. Qd7 Qe4 24. Qg4 Qg6 25. Qd7 Bc6 26. Qg4 Be4 27. g3
Qh6 28. gxf4 Qh1+ 29. Kf2 Qh2+ 0-1

[Event "Stuttgarter Stadtmeisterschaft 2010 A"]
[Site "Ditzingen"]
[Date "2010.05.14"]
[Round "4.48"]
[White "Körber, Thomas"]
[Black "Huynh, Nhi Lang"]
[Result "0-1"]
[WhiteElo "2002"]
[BlackElo "1869"]
[PlyCount "30"]
[EventDate "2010.??.??"]
[WhiteTeam "SF Fürth 1951 e.V."]
[BlackTeam "SAbt TSG Heilbronn 1845 e.V."]

1. Nf3 Nf6 2. d4 e6 3. e3 c5 4. Bd3 Nc6 5. O-O b6 6. b3 Bb7 7. Bb2 cxd4 8. exd4
Be7 9. a3 O-O 10. Nbd2 Rc8 11. Qe2 Nh5 12. g3 f5 13. Ne5 Nxe5 14. dxe5 Qe8 15.
Rac1 Nf4 0-1

[Event "Stuttgarter Stadtmeisterschaft 2010 A"]
[Site "Ditzingen"]
[Date "2010.05.14"]
[Round "4.56"]
[White "Novak, Josua"]
[Black "Ohnmacht, Rolf"]
[Result "1/2-1/2"]
[WhiteElo "1865"]
[BlackElo "1946"]
[PlyCount "29"]
[EventDate "2010.??.??"]
[WhiteTeam "SAbt TSV Münchingen"]
[BlackTeam "SC Niefern-Öschelbronn"]

1. e4 Nf6 2. e5 Nd5 3. d4 d6 4. Nf3 Bg4 5. Be2 g6 6. h3 Bxf3 7. Bxf3 c6 8. exd6
Qxd6 9. Nc3 Bg7 10. Ne4 Qd8 11. Nc5 Qb6 12. O-O Na6 13. Nb3 O-O 14. Re1 e6 15.
Bg5 1/2-1/2

[Event "Stuttgarter Stadtmeisterschaft 2010 A"]
[Site "Ditzingen"]
[Date "2010.05.14"]
[Round "4.30"]
[White "Pogan, Nikolas"]
[Black "Göbel, Constantin"]
[Result "1/2-1/2"]
[WhiteElo "2119"]
[BlackElo "2011"]
[PlyCount "42"]
[EventDate "2010.??.??"]
[WhiteTeam "SAbt TSV Willsbach"]
[BlackTeam "SC Ladja Roßdorf"]

1. d4 e6 2. c4 Nf6 3. g3 d5 4. Bg2 Be7 5. Nf3 O-O 6. O-O dxc4 7. Qc2 a6 8. Qxc4
b5 9. Qc2 Bb7 10. Bd2 Be4 11. Qc1 Nc6 12. Be3 Na5 13. Nbd2 Bd5 14. Qc3 Nb7 15.
Rfc1 Rc8 16. Nb3 Ne4 17. Qc2 c5 18. dxc5 Nbxc5 19. Nxc5 Bxc5 20. Bxc5 Rxc5 21.
Qd3 Qb6 1/2-1/2

[Event "Stuttgarter Stadtmeisterschaft 2010 A"]
[Site "Ditzingen"]
[Date "2010.05.14"]
[Round "4.23"]
[White "Lebeda, Timo"]
[Black "Ydo, Pim"]
[Result "0-1"]
[WhiteElo "1944"]
[BlackElo "2111"]
[PlyCount "62"]
[EventDate "2010.??.??"]
[WhiteTeam "SAbt VFB Reichenbach"]

1. c4 c6 2. d4 d5 3. Nf3 e6 4. Nc3 dxc4 5. a4 Bb4 6. e4 b5 7. axb5 cxb5 8. Bd2
Bxc3 9. Bxc3 Bb7 10. b3 a5 11. d5 Nf6 12. bxc4 b4 13. Bxf6 gxf6 14. c5 exd5 15.
Bb5+ Kf8 16. O-O Ba6 17. Bxa6 Nxa6 18. exd5 Nxc5 19. Qc1 Qxd5 20. Qh6+ Ke7 21.
Rad1 Qf5 22. Rfe1+ Ne6 23. Nd4 Qg5 24. Qh3 f5 25. Nxf5+ Kf6 26. Rd3 Rad8 27.
Rg3 Nf4 28. Qh6+ Qxh6 29. Nxh6 Ne2+ 30. Kf1 Nxg3+ 31. hxg3 Rd4 0-1

[Event "Stuttgarter Stadtmeisterschaft 2010 A"]
[Site "Ditzingen"]
[Date "2010.05.14"]
[Round "4.19"]
[White "Reck, Moritz"]
[Black "Fahnenschmidt, Gerhard"]
[Result "1-0"]
[WhiteElo "2158"]
[BlackElo "2059"]
[PlyCount "93"]
[EventDate "2010.??.??"]
[WhiteTeam "SK Bebenhausen 1992"]
[BlackTeam "SAbt VfL Sindelfingen"]

1. e4 c5 2. Nf3 d6 3. d4 cxd4 4. Nxd4 Nf6 5. Nc3 Nc6 6. Be3 Ng4 7. Bc1 Qb6 8.
Bb5 Bd7 9. O-O Nxf2 10. Rxf2 Qxd4 11. Qxd4 Nxd4 12. Bxd7+ Kxd7 13. Be3 Nc6 14.
Rxf7 Ne5 15. Rff1 Nc4 16. Bd4 e5 17. Bf2 Be7 18. b3 Na3 19. Nd5 b5 20. Rac1 Bg5
21. Rcd1 Nxc2 22. Bxa7 Rxa7 23. Rf7+ Ke6 24. Rxa7 Ne3 25. Rd3 Nxd5 26. exd5+
Kf5 27. Rxg7 e4 28. Rd1 Be3+ 29. Kf1 Kf6 30. Rb7 Rf8 31. Ke2 Bf4 32. g3 Ke5 33.
gxf4+ Rxf4 34. Re7+ Kf6 35. Re6+ Kf5 36. Rf1 Rxf1 37. Kxf1 h5 38. Ke2 Kf4 39.
Rxd6 Ke5 40. Rd8 b4 41. Ke3 h4 42. h3 Kf5 43. Re8 Kf6 44. d6 Kf7 45. Rxe4 Kf6
46. d7 Kf5 47. d8=Q 1-0

[Event "Stuttgarter Stadtmeisterschaft 2010 A"]
[Site "Ditzingen"]
[Date "2010.05.14"]
[Round "4.38"]
[White "Keller, Harald"]
[Black "Baumeister, Jürgen"]
[Result "1-0"]
[WhiteElo "2052"]
[BlackElo "1847"]
[PlyCount "77"]
[EventDate "2010.??.??"]
[WhiteTeam "SV Rottweil"]
[BlackTeam "SC Asperg"]

1. e4 c5 2. Nc3 Nc6 3. g3 d6 4. Bg2 Nf6 5. f4 Bg4 6. Nf3 Nd4 7. h3 Nxf3+ 8.
Bxf3 Bxf3 9. Qxf3 Qd7 10. O-O e5 11. f5 b5 12. d3 b4 13. Nd1 a5 14. Bg5 Be7 15.
Bxf6 Bxf6 16. Ne3 h5 17. Nd5 Bd8 18. Kg2 f6 19. a3 Qb7 20. axb4 axb4 21. b3 Ra7
22. Rfc1 Ra3 23. Rcb1 Qa6 24. Qd1 Qa5 25. Qc1 h4 26. g4 Be7 27. Rxa3 bxa3 28.
Ra1 a2 29. Qe1 Qxe1 30. Rxe1 Kd7 31. Ra1 Rb8 32. Rxa2 Rb7 33. Kf3 Bd8 34. Ne3
g5 35. fxg6 Ke8 36. Nf5 Rd7 37. Nxh4 Kf8 38. Nf5 Kg8 39. h4 1-0

[Event "Stuttgarter Stadtmeisterschaft 2010 A"]
[Site "Ditzingen"]
[Date "2010.05.14"]
[Round "4.54"]
[White "Viehoff, Jürgen"]
[Black "Sommerhalder, Eric"]
[Result "1/2-1/2"]
[WhiteElo "1886"]
[BlackElo "1954"]
[PlyCount "57"]
[EventDate "2010.??.??"]
[WhiteTeam "SC Stetten a.d.F."]
[BlackTeam "SC Brombach e.V."]

1. d4 d5 2. Nf3 Nc6 3. c4 Bg4 4. Nc3 Nf6 5. cxd5 Nxd5 6. e4 Bxf3 7. gxf3 Nxc3
8. bxc3 e5 9. d5 Nb8 10. Bb5+ c6 11. dxc6 Qxd1+ 12. Kxd1 Nxc6 13. Ke2 O-O-O 14.
Bxc6 bxc6 15. Be3 Rd7 16. Rhd1 Ba3 17. Rxd7 Kxd7 18. Rd1+ Kc7 19. f4 Bd6 20. c4
exf4 21. Bd4 f6 22. Rg1 g6 23. Bxf6 Rf8 24. e5 Re8 25. Kf3 Bxe5 26. Re1 Kd6 27.
Rd1+ Kc5 28. Re1 Kd6 29. Rd1+ 1/2-1/2

[Event "Stuttgarter Stadtmeisterschaft 2010 A"]
[Site "Ditzingen"]
[Date "2010.05.14"]
[Round "4.36"]
[White "Lumsdon, Andrew"]
[Black "Schröder, Jan-Christian"]
[Result "1/2-1/2"]
[WhiteElo "2081"]
[BlackElo "1965"]
[PlyCount "53"]
[EventDate "2010.??.??"]
[WhiteTeam "SC Brombach e.V."]
[BlackTeam "SV Lahn Limburg"]

1. e4 e5 2. Nf3 Nc6 3. Nc3 Nf6 4. g3 d5 5. exd5 Nxd5 6. Bg2 Nxc3 7. bxc3 Bg4 8.
d3 Bc5 9. O-O Qd6 10. Qe2 O-O-O 11. Be3 Bb6 12. Bxb6 axb6 13. Qe4 Be6 14. Ng5
f5 15. Qa4 Bd5 16. Bxd5 Qxd5 17. c4 Qd7 18. Qa8+ Nb8 19. a4 h6 20. Nf3 e4 21.
Ne5 Qe6 22. f4 exf3 23. Nxf3 f4 24. Kg2 fxg3 25. hxg3 Qc6 26. a5 Rde8 27. a6
1/2-1/2

[Event "Stuttgarter Stadtmeisterschaft 2010 A"]
[Site "Ditzingen"]
[Date "2010.05.14"]
[Round "4.31"]
[White "Aerni, Andreas"]
[Black "Janata, Andreas"]
[Result "1-0"]
[WhiteElo "2111"]
[BlackElo "2002"]
[PlyCount "55"]
[EventDate "2010.??.??"]
[WhiteTeam "SC Brombach e.V."]
[BlackTeam "Sabt SpVgg Rommelshausen"]

1. e4 e6 2. f4 d5 3. e5 c5 4. Nf3 Nc6 5. c3 Nh6 6. Na3 Nf5 7. g3 c4 8. b3 cxb3
9. axb3 Bd7 10. d4 Qa5 11. Qd3 a6 12. Bh3 Be7 13. O-O O-O 14. g4 Nh4 15. Nxh4
Bxh4 16. b4 Qb6 17. Kh1 f6 18. exf6 gxf6 19. Bg2 Nxb4 20. cxb4 Qxb4 21. Rb1 Qd6
22. Qh3 b5 23. Qxh4 e5 24. fxe5 fxe5 25. Bh6 Rxf1+ 26. Rxf1 b4 27. Qg5+ Qg6 28.
Bxd5+ 1-0

[Event "Stuttgarter Stadtmeisterschaft 2010 A"]
[Site "Ditzingen"]
[Date "2010.05.14"]
[Round "4.17"]
[White "Braun, Georg"]
[Black "Schulte, Torsten"]
[Result "0-1"]
[WhiteElo "2074"]
[BlackElo "2164"]
[PlyCount "50"]
[EventDate "2010.??.??"]
[WhiteTeam "SK Bebenhausen 1992"]
[BlackTeam "SC Eppingen"]

1. e4 e5 2. Nf3 Nc6 3. Bb5 a6 4. Ba4 Nf6 5. O-O Nxe4 6. d4 b5 7. Bb3 d5 8. dxe5
Be6 9. Nbd2 Nc5 10. c3 Be7 11. Bc2 Bg4 12. Re1 O-O 13. h3 Bh5 14. Nf1 Ne6 15.
Ng3 Bg6 16. Be3 Na5 17. Nd2 c5 18. Nb3 Nc4 19. Bc1 d4 20. cxd4 cxd4 21. Bf5 d3
22. Nd2 Qd5 23. Qb3 Rad8 24. a4 Nd4 25. Qxd3 Nxf5 0-1

[Event "Stuttgarter Stadtmeisterschaft 2010 A"]
[Site "Ditzingen"]
[Date "2010.05.14"]
[Round "4.24"]
[White "Braun, Peter"]
[Black "Schuster, Gerhard"]
[Result "1-0"]
[WhiteElo "2228"]
[BlackElo "1996"]
[PlyCount "53"]
[EventDate "2010.??.??"]
[WhiteTeam "SK Frankenthal"]
[BlackTeam "SC Feuerbach e. V."]

1. d4 Nf6 2. Nf3 b6 3. c4 e6 4. a3 Bb7 5. Nc3 d5 6. cxd5 Nxd5 7. Qc2 Nxc3 8.
bxc3 Be7 9. e4 Nd7 10. Bd3 c5 11. O-O Rc8 12. Qe2 O-O 13. Bf4 cxd4 14. cxd4 Rc3
15. a4 Nc5 16. Bc2 Rxc2 17. Qxc2 Bxe4 18. Qc3 Nd3 19. Bg3 Qd5 20. Rab1 Bf6 21.
Rb5 Nc5 22. Qe3 Bxf3 23. dxc5 Bxg2 24. cxb6 Qa8 25. f3 Bxf1 26. b7 Bd4 27. Qxd4
1-0

[Event "Stuttgarter Stadtmeisterschaft 2010 A"]
[Site "Ditzingen"]
[Date "2010.05.14"]
[Round "4.58"]
[White "Grünert, Thomas"]
[Black "Ruff, Robert"]
[Result "1-0"]
[WhiteElo "1929"]
[BlackElo "1848"]
[PlyCount "45"]
[EventDate "2010.??.??"]
[WhiteTeam "SF Illingen"]
[BlackTeam "SC Gross-Sachsenheim"]

1. d4 d5 2. Nf3 Nf6 3. e3 e6 4. Bd3 Nbd7 5. b3 Bd6 6. Bb2 O-O 7. Nbd2 Re8 8.
Ne5 c6 9. f4 c5 10. O-O Qb6 11. Kh1 Nf8 12. Rf3 Bd7 13. c4 Rac8 14. Rg3 Bc6 15.
dxc5 Bxc5 16. Nxc6 Rxc6 17. Bxf6 Ng6 18. Be5 Bxe3 19. Nf3 dxc4 20. Bxg6 fxg6
21. Qd7 Re7 22. Qxe7 Rc7 23. Qe8# 1-0

[Event "Stuttgarter Stadtmeisterschaft 2010 A"]
[Site "Ditzingen"]
[Date "2010.05.14"]
[Round "4.44"]
[White "König, Dirk"]
[Black "Lerner, Jürgen"]
[Result "0-1"]
[WhiteElo "2106"]
[BlackElo "1884"]
[PlyCount "130"]
[EventDate "2010.??.??"]
[WhiteTeam "SC Grunbach"]
[BlackTeam "SC Überlingen"]

1. e4 c6 2. d4 d5 3. exd5 cxd5 4. c4 Nf6 5. Nc3 e6 6. Bf4 Bd6 7. Bxd6 Qxd6 8.
c5 Qe7 9. Nf3 O-O 10. Bd3 Nc6 11. O-O b6 12. Rc1 bxc5 13. dxc5 a6 14. Re1 Re8
15. Qa4 Bd7 16. Qh4 h6 17. b4 e5 18. a3 e4 19. Bb1 Qd8 20. Nd2 Ne5 21. Rcd1 Bg4
22. Rc1 Ng6 23. Qg3 Re5 24. f3 Bh5 25. fxe4 Rg5 26. Qf2 Ng4 27. Qd4 Nh4 28.
exd5 Nxh2 29. Kxh2 Rxg2+ 30. Kh1 Qg5 31. Qe5 Rg1+ 32. Rxg1 Qxe5 33. Be4 Qf4 34.
Rc2 Nf3 35. Nxf3 Bxf3+ 36. Bxf3 Qxf3+ 37. Kh2 Re8 38. Rg3 Qf4 39. Kg2 Re1 40.
Rf2 Rg1+ 41. Kxg1 Qxg3+ 42. Kf1 Qxc3 43. d6 g5 44. Ke2 g4 45. Rf1 Kf8 46. Rd1
Ke8 47. Rd3 Qc2+ 48. Ke3 Kd7 49. Kd4 h5 50. Re3 Qd2+ 51. Rd3 Qf2+ 52. Kd5 Qf5+
53. Kc4 Qe6+ 54. Kd4 h4 55. Re3 Qf6+ 56. Kd5 Qf5+ 57. Kd4 Qf2 58. Kd3 Qf6 59.
Re7+ Kd8 60. Kc4 h3 61. b5 axb5+ 62. Kxb5 h2 63. Re1 g3 64. Kc6 g2 65. Rb1 Qf3+
0-1

[Event "Stuttgarter Stadtmeisterschaft 2010 A"]
[Site "Ditzingen"]
[Date "2010.05.14"]
[Round "4.52"]
[White "Kvetny, Mark"]
[Black "Turski, Tomasz"]
[Result "1-0"]
[WhiteElo "1916"]
[BlackElo "2056"]
[PlyCount "77"]
[EventDate "2010.??.??"]
[WhiteTeam "SV Altbach e.V."]
[BlackTeam "SC Ingersheim e.V."]

1. d4 Nf6 2. c4 g6 3. Nc3 Bg7 4. e4 d6 5. Be2 c6 6. Nf3 O-O 7. O-O Qc7 8. Rb1
a5 9. Be3 Ng4 10. Bd2 f5 11. h3 Nf6 12. e5 dxe5 13. Nxe5 Nbd7 14. Bf4 Qd8 15.
Bf3 Nxe5 16. Bxe5 Be6 17. Qd3 Qd7 18. Na4 Qd8 19. Nc5 Bc8 20. Rbd1 Nd7 21. Nxd7
Bxd7 22. Rfe1 Bxe5 23. Rxe5 e6 24. Rde1 Re8 25. Bd1 Qf6 26. Qb3 b5 27. cxb5
cxb5 28. d5 a4 29. Qc3 Rac8 30. Qd4 Rc4 31. Qb6 Re4 32. R5xe4 fxe4 33. Rxe4 Qf5
34. Bf3 e5 35. Qd6 h5 36. Re3 e4 37. g4 Qf7 38. Bxe4 Kg7 39. Bxg6 1-0

[Event "Stuttgarter Stadtmeisterschaft 2010 A"]
[Site "Ditzingen"]
[Date "2010.05.14"]
[Round "4.32"]
[White "Bluma, Marcel"]
[Black "Hirschfeld, Dennis"]
[Result "1-0"]
[WhiteElo "2095"]
[BlackElo "1980"]
[PlyCount "54"]
[EventDate "2010.??.??"]
[WhiteTeam "SC Ingersheim e.V."]
[BlackTeam "SV Besigheim"]

1. e4 c5 2. Nf3 g6 3. d4 cxd4 4. Nxd4 Nc6 5. Be3 Nf6 6. Nc3 Bg7 7. Be2 O-O 8.
O-O d5 9. exd5 Nxd5 10. Nxd5 Qxd5 11. Bf3 Qc4 12. Nxc6 bxc6 13. c3 Be6 14. Qc1
Bd5 15. Bxd5 cxd5 16. Bh6 Bxh6 17. Qxh6 Rab8 18. Rae1 e5 19. Re3 f6 20. b3 Qa6
21. f4 exf4 22. Re7 Qb6+ 23. Kh1 Rf7 24. Rxf7 Kxf7 25. Qxh7+ Kf8 26. Re1 Rb7
27. Qh8+ Kf7 1-0

[Event "Stuttgarter Stadtmeisterschaft 2010 A"]
[Site "Ditzingen"]
[Date "2010.05.14"]
[Round "4.46"]
[White "Jehle, Anja"]
[Black "Erben, Larissa"]
[Result "0-1"]
[WhiteElo "1953"]
[BlackElo "2042"]
[PlyCount "72"]
[EventDate "2010.??.??"]
[WhiteTeam "SC Ingersheim e.V."]
[BlackTeam "SV Stuttgart-Wolfbusch 1956 e.V."]

1. d4 d5 2. c4 e6 3. Nc3 c6 4. e4 dxe4 5. Nxe4 Bb4+ 6. Nc3 Nf6 7. a3 Bd6 8. Nf3
O-O 9. Be2 Nbd7 10. O-O Qc7 11. h3 e5 12. d5 cxd5 13. Nxd5 Nxd5 14. Qxd5 Nf6
15. Qd1 Bf5 16. Be3 Rfd8 17. Qc1 a5 18. Rd1 a4 19. Qc3 Ne4 20. Qc1 Nc5 21. Bxc5
Qxc5 22. Rd5 Qc7 23. c5 Be7 24. Rxe5 Bg6 25. Re3 Bxc5 26. Rc3 b6 27. Nh4 Qe7
28. Nxg6 Qxe2 29. Nf4 Qxf2+ 30. Kh1 Rd2 31. Rf3 Qd4 32. Qc3 Rxb2 33. Qxd4 Bxd4
34. Rd1 Bf6 35. Nh5 Be5 36. Kg1 Rb3 0-1

[Event "Stuttgarter Stadtmeisterschaft 2010 A"]
[Site "Ditzingen"]
[Date "2010.05.14"]
[Round "4.41"]
[White "Migl, Dieter"]
[Black "Schömbs, Oliver"]
[Result "1-0"]
[WhiteElo "2183"]
[BlackElo "1952"]
[PlyCount "69"]
[EventDate "2010.??.??"]
[WhiteTeam "Stuttgarter SF 1879"]
[BlackTeam "SC Ingersheim e.V."]

1. e4 e5 2. d4 exd4 3. Qxd4 Nc6 4. Qe3 d6 5. Nc3 Nf6 6. Bd2 Be7 7. O-O-O O-O 8.
h4 Ng4 9. Qg3 f5 10. Be2 Nd4 11. Bc4+ Kh8 12. Nf3 Nxc2 13. Kxc2 fxe4 14. Nxe4
d5 15. Bc3 Bf5 16. Kc1 Qc8 17. Rxd5 Bxe4 18. Re1 Bxd5 19. Rxe7 Rf7 20. Rxf7
Bxf7 21. Bxf7 Qd7 22. Bb3 Rd8 23. h5 h6 24. Nd4 Re8 25. f3 Nf6 26. Qg6 Re5 27.
g4 Rg5 28. Qc2 Qd6 29. Nf5 Qc5 30. Bd4 Qa5 31. Qe2 Qb4 32. Bxf6 gxf6 33. Qe8+
Kh7 34. Qf7+ Kh8 35. Qxf6+ 1-0

[Event "Stuttgarter Stadtmeisterschaft 2010 A"]
[Site "Ditzingen"]
[Date "2010.05.14"]
[Round "4.55"]
[White "Schlachetzki, Horst"]
[Black "Schembera, Jörg"]
[Result "1/2-1/2"]
[WhiteElo "1948"]
[BlackElo "1854"]
[PlyCount "38"]
[EventDate "2010.??.??"]
[WhiteTeam "SC Leinfelden"]
[BlackTeam "SF Oeffingen e.V."]

1. e4 c5 2. Nf3 d6 3. d4 cxd4 4. Nxd4 Nf6 5. Nc3 g6 6. Be3 Bg7 7. Be2 O-O 8.
O-O Bd7 9. a4 Nc6 10. Kh1 Rc8 11. Nxc6 Bxc6 12. f3 Qc7 13. a5 b6 14. axb6 axb6
15. Qd2 Rfd8 16. Ra6 Rb8 17. Nd5 Bxd5 18. exd5 Nd7 19. b3 Qc3 1/2-1/2

[Event "Stuttgarter Stadtmeisterschaft 2010 A"]
[Site "Ditzingen"]
[Date "2010.05.14"]
[Round "4.21"]
[White "Lipecki, Alexander"]
[Black "Gehringer, Frank"]
[Result "1/2-1/2"]
[WhiteElo "2140"]
[BlackElo "2039"]
[PlyCount "62"]
[EventDate "2010.??.??"]
[BlackTeam "SC Leinfelden"]

1. e4 e5 2. Nf3 Nc6 3. Bc4 Nf6 4. d3 Bc5 5. Nc3 d6 6. Bg5 h6 7. Be3 Bb6 8. Qd2
Bg4 9. Ng1 Qd7 10. Nd5 Nxd5 11. Bxd5 Be6 12. Bxb6 axb6 13. Bxe6 Qxe6 14. a3 Nd4
15. Ne2 Nxe2 16. Qxe2 O-O 17. O-O f5 18. f4 exf4 19. Rxf4 Rf6 20. Qd2 Raf8 21.
Re1 fxe4 22. Rfxe4 Qf7 23. h3 Rf1+ 24. Kh2 Qf2 25. R1e2 Qg1+ 26. Kg3 R1f3+ 27.
Kh4 Rf2 28. Rg4 Rxe2 29. Qxe2 Qf2+ 30. Qxf2 Rxf2 31. Rc4 c6 1/2-1/2

[Event "Stuttgarter Stadtmeisterschaft 2010 A"]
[Site "Ditzingen"]
[Date "2010.05.14"]
[Round "4.51"]
[White "Naundorf, Jo-Jan"]
[Black "Yin, Stanley"]
[Result "0-1"]
[WhiteElo "1809"]
[BlackElo "1976"]
[PlyCount "152"]
[EventDate "2010.??.??"]
[WhiteTeam "SF Oeffingen e.V."]
[BlackTeam "SC Noris-Tarrasch Nürnberg 1873"]

1. e4 c6 2. Nf3 d6 3. d4 Na6 4. Bxa6 Qa5+ 5. Nc3 Qxa6 6. Qe2 Qb6 7. d5 Nf6 8.
Qc4 e6 9. dxc6 bxc6 10. Na4 Qb5 11. Qxb5 cxb5 12. Nc3 b4 13. Nb5 Rb8 14. Nxa7
Nxe4 15. Nc6 Rb6 16. Na5 Ba6 17. Be3 Rb5 18. Nb3 e5 19. Ng5 Nxg5 20. Bxg5 f5
21. Bd2 Bb7 22. O-O Be7 23. c3 bxc3 24. Bxc3 O-O 25. Nd2 Rf6 26. a4 Rg6 27. f3
Rd5 28. a5 Ba6 29. Rfd1 Rd3 30. Kh1 Bf6 31. Nb3 e4 32. Rxd3 exd3 33. Bxf6 Rxf6
34. Nd4 Rf7 35. Kg1 Rb7 36. Rb1 Rb4 37. Nxf5 d2 38. Kf2 Bd3 39. Rd1 Bxf5 40.
Rxd2 Rb5 41. a6 Rb6 42. a7 Ra6 43. a8=Q+ Rxa8 44. Rxd6 Rb8 45. Rd2 Rc8 46. b4
Rc2 47. Rxc2 Bxc2 48. b5 Ba4 49. b6 Bc6 50. Ke3 Kf7 51. Kd4 Ke6 52. Kc5 Bb7 53.
Kd4 Kd6 54. h4 Kc6 55. Ke5 Bc8 56. g4 Kxb6 57. Kd6 Bb7 58. f4 Bf3 59. g5 g6 60.
Ke5 Bg4 61. Kf6 Kc5 62. Kg7 Kd4 63. Kxh7 Bh5 64. f5 gxf5 65. Kh6 Be8 66. g6 f4
67. g7 Bf7 68. Kh7 f3 69. g8=Q Bxg8+ 70. Kxg8 f2 71. h5 f1=Q 72. h6 Ke5 73. h7
Ke6 74. Kg7 Qf6+ 75. Kg8 Qf7+ 76. Kh8 Qf8# 0-1

[Event "Stuttgarter Stadtmeisterschaft 2010 A"]
[Site "Ditzingen"]
[Date "2010.05.14"]
[Round "4.45"]
[White "Schnepel, Thomas"]
[Black "Seyfried, Claus"]
[Result "1/2-1/2"]
[WhiteElo "1957"]
[BlackElo "2087"]
[PlyCount "88"]
[EventDate "2010.??.??"]
[WhiteTeam "SC Pforzheim 1906"]
[BlackTeam "Stuttgarter SF 1879"]

1. e4 c5 2. Nf3 e6 3. d4 cxd4 4. Nxd4 a6 5. Bd3 Bc5 6. Nb3 Be7 7. O-O Nc6 8. f4
d6 9. Be3 Nf6 10. a4 b6 11. N1d2 O-O 12. Nc4 Rb8 13. Qf3 e5 14. fxe5 Nxe5 15.
Nxe5 dxe5 16. h3 Qc7 17. Kh1 Be6 18. Nd2 Rfd8 19. b3 Rd7 20. Bxa6 Qxc2 21. Rfc1
Qb2 22. Rab1 Qa3 23. Bc8 Rxd2 24. Bxe6 Rb2 25. Rxb2 Qxb2 26. Rc7 Qa3 27. Bc4
Qd6 28. Ra7 Kf8 29. Ra6 Qc7 30. Qf2 Bc5 31. Bxc5+ bxc5 32. Qf5 Rd8 33. Kh2 Re8
34. Bb5 Rd8 35. Rc6 Qe7 36. Rc8 g6 37. Rxd8+ Qxd8 38. Qxe5 Qb6 39. Bc4 Qc6 40.
Bd5 Qb6 41. a5 Qd8 42. a6 Ng4+ 43. hxg4 Qh4+ 44. Kg1 Qe1+ 1/2-1/2

[Event "Stuttgarter Stadtmeisterschaft 2010 A"]
[Site "Ditzingen"]
[Date "2010.05.14"]
[Round "4.14"]
[White "Szenetra, Werner"]
[Black "Gustain, Marc"]
[Result "1-0"]
[WhiteElo "2201"]
[BlackElo "2085"]
[PlyCount "49"]
[EventDate "2010.??.??"]
[WhiteTeam "SC Rastatt"]
[BlackTeam "SF Deizisau"]

1. Nf3 {[%emt 0:00:00]} c5 {[%emt 0:00:00]} 2. e4 d6 3. g3 Nc6 4. Bg2 Nf6 5. d3
e5 6. O-O Be7 7. c3 O-O 8. a3 h6 9. b4 Be6 10. b5 Na5 11. c4 b6 12. Bd2 Nb7 13.
Nc3 Qd7 14. Nh4 Bh3 15. Nf5 Bxg2 16. Kxg2 Nd8 17. Nd5 Nxd5 18. cxd5 g6 19.
Nxe7+ Qxe7 20. Bxh6 Re8 21. f4 f6 22. fxe5 fxe5 23. Qg4 Kh7 24. Bg5 Qg7 25. Bf6
1-0

[Event "Stuttgarter Stadtmeisterschaft 2010 A"]
[Site "Ditzingen"]
[Date "2010.05.14"]
[Round "4.57"]
[White "Pietzka, Martin"]
[Black "Kreiter, Thomas"]
[Result "1/2-1/2"]
[WhiteElo "1860"]
[BlackElo "1935"]
[PlyCount "81"]
[EventDate "2010.??.??"]
[WhiteTeam "SV Nürtingen 1920"]
[BlackTeam "SC Tamm 74"]

1. e4 c5 2. Nf3 Nc6 3. d4 cxd4 4. Nxd4 e5 5. Nb5 d6 6. N1c3 a6 7. Na3 Be7 8.
Nd5 Nf6 9. Nxf6+ Bxf6 10. c3 Be6 11. Bc4 O-O 12. O-O Qe7 13. Bd5 Rad8 14. Nc2
Bg5 15. Qh5 Bxc1 16. Raxc1 Bxd5 17. exd5 Nb8 18. Ne3 g6 19. Qh6 f5 20. f4 Nd7
21. h4 Nf6 22. Rce1 e4 23. Qg5 Qg7 24. Qg3 Kh8 25. Qf2 Nd7 26. Qg3 Nc5 27. Nc2
Qf7 28. c4 Nd3 29. Nd4 Nxe1 30. Rxe1 Rfe8 31. Qg5 Rc8 32. b3 Re7 33. h5 Rg8 34.
h6 Rge8 35. Re3 Rc8 36. a4 Ree8 37. Kh2 Qe7 38. Qxe7 Rxe7 39. Kh3 Kg8 40. Kh4
Kf7 41. g3 1/2-1/2

[Event "Stuttgarter Stadtmeisterschaft 2010 A"]
[Site "Ditzingen"]
[Date "2010.05.14"]
[Round "4.18"]
[White "Höschele, Hans-Ulrich"]
[Black "Petermann, Michail"]
[Result "1/2-1/2"]
[WhiteElo "2163"]
[BlackElo "2060"]
[PlyCount "128"]
[EventDate "2010.??.??"]
[WhiteTeam "Stuttgarter SF 1879"]
[BlackTeam "SC Untergrombach 46"]

1. d4 {[%emt 0:00:00]} Nf6 2. Nf3 c5 3. c3 e6 4. g3 b6 5. Bg2 Bb7 6. O-O Be7 7.
Nbd2 O-O 8. Re1 Ne4 9. Ne5 f5 10. f3 Nxd2 11. Bxd2 d6 12. Nd3 c4 13. Nf2 Nd7
14. e4 Bf6 15. Be3 Qc7 16. Qd2 Rad8 17. Rad1 Rfe8 18. Qc2 g6 19. Nh3 Nf8 20.
Nf2 Qb8 21. Nh3 Qc7 22. Bg5 Bxg5 23. Nxg5 h6 24. Nh3 fxe4 25. fxe4 e5 26. Qd2
Kg7 27. Rf1 Nh7 28. Nf2 Bc8 29. Rde1 Rf8 30. Nd1 Be6 31. Ne3 Qc8 32. Rxf8 Nxf8
33. Rf1 Nh7 34. Rd1 Qd7 35. dxe5 dxe5 36. Qxd7+ Rxd7 37. Rxd7+ Bxd7 38. Nxc4
Kf6 39. Nd2 Be6 40. b3 Nf8 41. Kf2 Ke7 42. Ke3 Kd6 43. h4 Nd7 44. Bf1 Nf6 45.
Be2 Ng4+ 46. Bxg4 Bxg4 47. Nc4+ Ke6 48. Kd3 Kf6 49. Ne3 Bd7 50. c4 Ke7 51. a3
Kd6 52. b4 Bh3 53. g4 h5 54. gxh5 gxh5 55. Nf5+ Kd7 56. Ng3 Bg4 57. Kc3 Kc6 58.
Nf1 Bf3 59. Nd2 Be2 60. b5+ Kc5 61. Nb3+ Kd6 62. Kb4 Bd3 63. Nd2 Bc2 64. Kc3
Bd1 1/2-1/2

[Event "Stuttgarter Stadtmeisterschaft 2010 A"]
[Site "Ditzingen"]
[Date "2010.05.14"]
[Round "4.60"]
[White "Hoffmann, Jonas"]
[Black "Mayer, Dietmar"]
[Result "1-0"]
[WhiteElo "1910"]
[BlackElo "1851"]
[PlyCount "75"]
[EventDate "2010.??.??"]
[WhiteTeam "SK Enkenbach"]
[BlackTeam "SC-HP Böbl.1975 e.V."]

1. d4 d5 2. Nf3 Nf6 3. e3 c5 4. b3 cxd4 5. exd4 Nc6 6. Bb2 Bg4 7. Bd3 e6 8. a3
Bd6 9. O-O O-O 10. Nbd2 Qb6 11. Qb1 Rac8 12. c4 Bxf3 13. c5 Bxh2+ 14. Kxh2 Qc7+
15. Kg1 Bh5 16. f4 Bg6 17. b4 Bxd3 18. Qxd3 Ng4 19. Qg3 f5 20. Rae1 Rf6 21. Nf3
Rg6 22. Nh4 Rh6 23. Re2 g5 24. Nf3 gxf4 25. Qe1 Qf7 26. Ng5 Qh5 27. Nh3 Re8 28.
Rxf4 Qg6 29. Rf3 Nd8 30. Bc1 Rxh3 31. Rxh3 Kf7 32. Qh4 Nf6 33. Bg5 Qh5 34.
Qxh5+ Nxh5 35. Rxh5 Kg6 36. g4 fxg4 37. Reh2 Rh8 38. Bxd8 1-0

[Event "Stuttgarter Stadtmeisterschaft 2010 A"]
[Site "Ditzingen"]
[Date "2010.05.14"]
[Round "4.50"]
[White "Hünerberg, Clemens"]
[Black "Mainik, Philipp"]
[Result "1-0"]
[WhiteElo "1984"]
[BlackElo "1716"]
[PlyCount "53"]
[EventDate "2010.??.??"]
[WhiteTeam "SF 1954 Conweiler e.V."]
[BlackTeam "SV Fellbach"]

1. e4 e5 2. Nc3 d6 3. g3 g6 4. Bg2 Bg7 5. d3 Ne7 6. Nge2 O-O 7. Be3 Nbc6 8. Qd2
f5 9. Bh6 fxe4 10. dxe4 Bg4 11. Bxg7 Kxg7 12. Qe3 Qd7 13. h3 Be6 14. O-O-O Nc8
15. Rhf1 Nb6 16. b3 a5 17. a4 Nb4 18. f4 exf4 19. gxf4 Rae8 20. Nd4 Bd5 21. Qg3
Bf7 22. f5 Kh8 23. f6 d5 24. Qg5 dxe4 25. Bxe4 Qxh3 26. Rh1 Qxc3 27. Rxh7+ 1-0